[Event "Olympiad-36"]
[Site "Mallorca"]
[Date "2004.10.23"]
[Round "8"]
[White "Volokitin, Andrei"]
[Black "Delchev, Aleksander"]
[Result "1-0"]
[WhiteElo "2652"]
[BlackElo "2601"]
[Annotator "Ribli,Z"]
[PlyCount "101"]
[EventDate "2004.10.15"]
[EventType "team-swiss"]
[EventRounds "14"]
[EventCountry "ESP"]
[SourceTitle "CBM 104"]
[Source "ChessBase"]
[SourceDate "2005.01.27"]
[SourceVersion "1"]
[SourceVersionDate "2005.01.27"]
[SourceQuality "1"]
[WhiteTeam "Ukraine"]
[BlackTeam "Bulgaria"]
[WhiteTeamCountry "UKR"]
[BlackTeamCountry "BUL"]

{[%mdl 1]} 1. e4 c5 2. Nf3 e6 3. d4 cxd4 4. Nxd4 Nc6 5. Nc3 Qc7 6. Be2 a6 7.
O-O Nf6 8. Kh1 {Dieser prophylaktische Königszug und 8.Be3 sind die
Hauptvarianten in dieser Stellung. In beiden Fällen hat Schwarz die
Möglichkeit mit 8...d6 (oder 8...Be7) in die Scheweninger Variante überzugehen.
} h5 {Statt dieser Fortsetzung, welche zu scharfem Spiel führt, kann Schwarz 8.
..Nxd4 9.Qxd4 Bc5 10.Qd3 b5 (oder 10...h5) spielen.} 9. Nxc6 $5 {Das ist die
chancenreichste Fortsetzung. Im Falle von 9.f4 hat Schwarz Ausgleichchancen.} (
9. f4 Nxd4 10. Qxd4 b5 {Wir haben eine ähnliche Stellung, wie in der Variante
8...Nxd4 9.Qxd4 Bc5 10.Qd3 h5 11.f4 b5. Aber der große Unterschied ist, dass
Schwarz jetzt nicht Bc5 spielen muss und die weiße Dame auf d4 stehen lässt.}
11. e5 Ng4 12. Bf3 Bb7 13. Bxb7 Qxb7 14. Ne4 (14. f5 Rc8 15. fxe6 dxe6 16. Bg5
Bc5 17. Qd2 Nxe5 18. Rae1 Nc4 19. Qd3 O-O {0-1 Savanovic,A-Boskovic,D/Budva
SCG 2003/(40)}) 14... h4 15. h3 Nh6 16. Qd3 Nf5 17. Kh2 Rc8 18. Bd2 Qc6 19.
Rac1 d5 {1/2-1/2 Djukic,N-Ivanisevic,I/Belgrade 2002/CBM 91 (56)}) 9... bxc6 (
9... dxc6 10. f4 e5 11. Qe1 $14) 10. f4 d5 11. exd5 $1 {[%mdl 4]} cxd5 (11...
exd5 12. Be3 Bd6 13. Qd2 $14) 12. f5 {Weiß öffnet die Stellung und strebt
einen direkten Angriff an.} Bb7 (12... Bd6 13. fxe6 Bxe6 (13... fxe6 14. Bg5
Bxh2 $2 15. Bxf6 gxf6 16. Nxd5 exd5 17. Qxd5 Ra7 18. Bxh5+ $18) 14. Rxf6 $1
gxf6 15. Nxd5 Bxd5 (15... Qd8 16. Nxf6+ Kf8 (16... Qxf6 17. Qxd6 $16) 17. Bg5
Be7 18. Qf1 $16) 16. Qxd5 Rd8 17. Be3 $44) 13. fxe6 fxe6 14. Bd3 {[%cal Gd3g6,
Gg6e8]} O-O-O 15. Qe2 $14 Qc6 (15... Ng4 16. Qxe6+ Kb8 17. Bf4 Bd6 18. Qf7 $1
Bxf4 (18... Qxf7 19. Bxd6+ Rxd6 20. Rxf7 $16) 19. Qxf4 $16) 16. Bg5 {[%cal
Gg5f6,Gf1f6,Ge2e6] Weiß hat eine gesunde Stellung, er hat aktives Figurenspiel
und die bessere Bauernstruktur, der e6P ist verwundbar in der schwarzen
Stellung.} h4 {[%cal Gh4h3,Gb7h1]} (16... d4 $2 17. Bxf6 gxf6 18. Be4 Qb6 19.
Bxb7+ Kxb7 20. Ne4 $16) 17. Rae1 $5 {Dieser Zug scheint ganz logisch zu sein,
denn Weiß bringt eine neue Figur ins Spiel, aber die Alternative 17.Rxf6!
erscheint mir noch besser.} (17. Bxf6 $6 gxf6 18. Rxf6 h3 $44 19. Qxe6+ (19.
Rxe6 $2 hxg2+ 20. Kg1 Bd6 $40) (19. g3 $2 Rh6 20. Raf1 Bg7 $1 21. Rxh6 Bxh6 22.
Rf6 Be3 $1 $36 23. Qxe3 $4 d4+ 24. Be4 dxe3 25. Bxc6 Rd1+ $3 26. Nxd1 e2 $19 {
[%cal Re2d1,Re2e1]}) 19... Qxe6 20. Rxe6 hxg2+ 21. Kxg2 Bd6 22. Rh1 Rh4 23. Kf2
Kd7 24. Re2 Rf4+ 25. Ke1 d4 26. Ne4 Re8 $1 $17) (17. Rxf6 $1 gxf6 18. Bxf6 Bc5
$1 19. Bxd8 (19. Re1 $2 h3 20. Bxh8 hxg2+ 21. Kxg2 Rg8+ $1 22. Kf3 $1 (22. Kh1
$2 d4+ 23. Ne4 Rxh8 $15) 22... Rf8+ $11) 19... Rxd8 20. Re1 Re8 21. Qg4 Kb8 22.
Qxh4 e5 23. Qh5 Qe6 24. Na4 $1 $14) 17... h3 (17... Re8 $2 18. Bg6 Re7 19. Rxf6
$1 gxf6 20. Bxf6 Rh6 21. Bxe7 Bxe7 22. Qg4 $1 $16) 18. Qxe6+ Qxe6 19. Rxe6 {
Weiß hat einen Bauern mehr, aber Schwarz hat einige taktische Gegenchancen am
Königsflügel.} d4 $2 {Dieser scheinbar logische Zug ist nicht die beste
Möglichkeit für Schwarz. Es wäre besser die Entwicklung mit 19...Bd6!
fortzusetzen.} (19... Bd6 $1 20. Bxf6 hxg2+ 21. Kxg2 gxf6 22. Rfxf6 Rxh2+ 23.
Kg1 Bc7 24. Rf7 Rg8+ 25. Rg6 Rxg6+ 26. Bxg6 Rd2 $44) 20. Ne4 hxg2+ 21. Kxg2 {
Der weiße König steht in der Fesselung auf der a8-h1 Diagonale, aber Schwarz
kann das nicht ausnutzen.} Bd6 (21... Rd6 22. Rxd6 Bxd6 23. Bxf6 gxf6 24. Rxf6
Rxh2+ 25. Kg1 $16) 22. Bxf6 gxf6 23. Rfxf6 Rxh2+ 24. Kg1 Bc7 (24... Bxe4 25.
Bxe4 Bc7 26. Rxa6 $16) 25. Nd6+ Bxd6 26. Rxd6 $16 Rh1+ 27. Kf2 Rxd6 (27... Rdh8
28. Bf5+ $1 (28. Rxd4 $4 R8h2+ 29. Ke3 Re1+ 30. Kf4 Rf2+ 31. Kg5 Rg1+ $19)
28... Kb8 29. Rxd4 R8h2+ 30. Ke3 Re1+ 31. Kd3 $16) 28. Rxd6 {[%csl Rd4]} Ra1
29. a3 Ra2 30. Rxd4 $1 (30. Rb6 $2 Kc7 31. Rb3 a5 $132) 30... Rxb2 31. Rc4+ Kb8
(31... Kd7 32. Rb4 Rxb4 33. axb4 Kd6 34. Ke3 Ke5 35. Be2 Bc8 36. c4 Bf5 37. Bf3
Be6 38. Kd3 $1 $18) 32. Rb4 $1 {[%cal Gb4b2,Gb4b8] Nach diesem Zug bekommt
Weiß ein technisches Endspiel, in dem er seine Bauernmehrheit verwerten kann.}
Rxb4 (32... Ra2 $4 33. Be4 $18) 33. axb4 Kc7 34. Ke3 Kb6 35. c4 {[%mdl 4096]
Der weiße Plan ist c5+ zu spielen, um den König nach a5 zu stellen. In diesem
Fall muss Schwarz seinen a7-Bauern mit dem König von a7 verteidigen und Bb7-c8
spielen (wegen des Zugzwangs), wonach der Bauernzug c5-c6 die Partie gewinnt.}
Bc6 (35... Kc7 36. Kd4 Bc8 37. c5 Kc6 38. Be2 $22 Kc7 (38... Bb7 39. Bf3+ $18)
39. Kd5 $1 Bb7+ 40. Kc4 Bc6 41. Kc3 $1 Bb7 (41... Kb7 42. Kd4 $18 {[%cal Rd4e5,
Re5d6]}) 42. Kb3 $18 {[%cal Rb3a4,Ra4a5]}) 36. Kd4 Ba4 37. c5+ Kb7 38. Ke5 Bd7
39. Kd6 $18 Bh3 40. Bc4 {[%cal Gc4d5,Gd5b7,Gd5e6,Ge6h3] Droht 41.Be6 und 41.
Bd5+ auch.} Ka7 41. Be6 Bg2 42. Kc7 Bf1 43. Bd7 Bg2 44. c6 Bf3 45. Be6 $1 (45.
Kd8 $4 Bxc6 $1 46. Bxc6 a5 47. b5 (47. bxa5 Ka6 $11) 47... Kb6 $11) 45... Bg2
46. Kd7 a5 47. c7 Bb7 48. Bd5 Ba6 49. bxa5 Bb5+ 50. Kd8 Ba6 51. Bc6 $22 1-0

[Event "Dortmund SuperGM 31st"]
[Site "Dortmund"]
[Date "2003.08.07"]
[Round "7"]
[White "Naiditsch, Arkadij"]
[Black "Kramnik, Vladimir"]
[Result "1/2-1/2"]
[WhiteElo "2574"]
[BlackElo "2785"]
[Annotator "Ribli,Z"]
[PlyCount "53"]
[EventDate "2003.07.31"]
[EventType "tourn"]
[EventRounds "10"]
[EventCountry "GER"]
[EventCategory "18"]
[SourceTitle "CBM 097"]
[Source "ChessBase"]
[SourceDate "2003.11.11"]
[SourceVersion "1"]
[SourceVersionDate "2003.11.11"]
[SourceQuality "1"]

1. e4 c5 2. Nf3 Nc6 3. Nc3 e6 4. d4 cxd4 5. Nxd4 a6 6. f4 Nxd4 {Mit diesem
Springertausch möchte Schwarz im folgenden die exponierte Damenstellung auf d4
ausnutzen.} (6... Qc7) 7. Qxd4 Qc7 8. Be3 {Das ist die traditionelle
Fortsetzung, aber die Alternative 8.a4 kommt auch stark in Betracht.} (8. a4
Nf6 9. Be3 Ng4 10. Bd2 Qc5 $1 11. Qxc5 Bxc5 $11 {1/2-1/2 Luther,T-Lutz,C/
France 2003/CBM 95/[Ribli] (25)}) 8... b5 9. Be2 Bb7 10. Bf3 {Dieser Läuferzug
kommt - nach meiner persönlichen Meinung - zu früh. Ich glaube, die kurze
Rochade gibt Weiß mehr Chancen auf Eröffnungsvorteil.} (10. O-O $5 Rc8 11. Rfd1
(11. Rad1) 11... Nf6 (11... b4 $5 12. Na4 Nf6) 12. e5 Nd5 13. Nxd5 Bxd5 14. a4
{Diese Variante bietet Weiß einige Aussicht auf Initiative.}) 10... Rc8 11. O-O
Ne7 {Die Idee des Springerzugs ist, dass im folgenden der Springer nach c6
gehen kann. Auf diese Weise nutzt Schwarz aus, dass Weiß 10.Bf3 gespielt hat.
Bei Be2 muss Schwarz hingegen immer mit dem Motiv Bxb5 rechnen. Allerdings
muss bemerkt werden, dass der Läuferzug 10.Bf3 auch den Vorteil hat, dass
jetzt nach 11...Nf6 12.e5 mit überlegener weißer Stellung folgt.} (11... h5 12.
Rad1 Nf6 13. h3 h4 $5 14. Rf2 Bc5 15. Qd3 Bxe3 16. Qxe3 b4 $11 17. Na4 O-O 18.
Nb6 Rcd8 19. e5 Bxf3 20. Qxf3 Ne8 21. Qe3 d5 22. Na4 g6 23. Qc5 Qxc5 24. Nxc5
a5 25. Rd3 Ng7 {1/2-1/2 Dvoirys,S-Tregubov,P/St Petersburg 1998/CBM 67/[Ribli]
(45)}) 12. Kh1 (12. Rf2 Ng6 13. g3 Bc5 14. Qxc5 Qxc5 15. Bxc5 Rxc5 16. Rd1 Ke7
17. Rfd2 Rd8 18. Kf2 Nf8 {1/2-1/2 Schlosser,M-Sinowjew,J/Voitsberg 1995/CBM 49
ext (45)}) (12. Rad1 Nc6 13. Qd3 (13. Qd2 Na5 14. b3 d5 $36) 13... Be7 14. Kh1
$11 {Auf diese Weise erhalten wir mit Zugumstellung unsere Partiefortsetzung.})
12... Nc6 13. Qd3 Be7 14. Rad1 d6 15. a4 b4 (15... bxa4 $2 16. Nxa4 $16) 16.
Ne2 O-O 17. b3 (17. c4 bxc3 18. Nxc3 Nb4 $11) 17... a5 (17... Rfd8 18. Ng3 Nb8
19. Rf2 d5 20. e5 Nd7 21. Bd4 Bc5 22. Rfd2 Bxd4 23. Qxd4 {1-0 Hansen,
S-Mortensen,E/Copenhagen 1999/CBM 71 ext (40)}) 18. Rf2 {[%cal Gf2c2][%mdl 4]
Mit diesem prophylaktischen Zug verteidigt Weiß den c2-Bauern und bereitet 19.
Nd4 vor.} Rfe8 $11 (18... Bf6 19. Ng3 $13 (19. Qxd6 $4 Rfd8 $19) (19. Nd4 Nxd4
20. Bxd4 Bxd4 21. Qxd4 Rfd8 $15)) 19. Nd4 {[%cal Gd4b5]} Nxd4 20. Bxd4 e5 21.
Be3 (21. fxe5 dxe5 22. Bb2 Red8 $17) 21... Qc6 (21... exf4 22. Bxf4 $11) 22. f5
{[%mdl 32] Weiß muss die Stellung geschlossen halten.} Qc3 23. Qe2 {Weiß muss
die Damen auf dem Brett halten.} (23. Qxc3 Rxc3 24. Bb6 Bd8 25. Rxd6 Bxb6 26.
Rxb6 Re3 27. Rf1 Bxe4 28. Bxe4 Rxe4 $15) 23... Rc6 {[%cal Ge8c8,Gc8c2]} 24. Rd3
Qa1+ 25. Rd1 Qc3 26. Rd3 Qa1+ 27. Rd1 {Und Remis mit Zugwiederholung.} 1/2-1/2

[Event "Yongchuan zt 3.3"]
[Site "Yongchuan"]
[Date "2003.07.19"]
[Round "8"]
[White "Yu, Shaoteng"]
[Black "Ye, Jiangchuan"]
[Result "0-1"]
[WhiteElo "2508"]
[BlackElo "2683"]
[Annotator "Ribli,Z"]
[PlyCount "102"]
[EventDate "2003.07.11"]
[EventType "tourn"]
[EventRounds "11"]
[EventCountry "CHN"]
[EventCategory "12"]
[SourceTitle "CBM 097"]
[Source "ChessBase"]
[SourceDate "2003.11.11"]
[SourceVersion "1"]
[SourceVersionDate "2003.11.11"]
[SourceQuality "1"]

1. e4 c5 2. Nf3 e6 3. d4 cxd4 4. Nxd4 Nc6 5. Nc3 Qc7 6. Be2 a6 7. O-O Nf6 8.
Kh1 Nxd4 9. Qxd4 Bc5 10. Qd3 b5 (10... h5 11. f4 Ng4) 11. f4 Bb7 12. Bf3 h5 {
Dieser Zug führt zu zweischneidigem Spiel, während nach 12...0-0 Schwarz in
der Nähe des Ausgleichs ist.} 13. e5 Ng4 14. Bxb7 Qxb7 15. Ne4 Rc8 $5 (15...
Be7) 16. Bd2 Be7 17. Rae1 Qc6 {[%cal Gc8c2] Schwarz hat positionellen Druck
auf der c-Linie und starke Kontrolle über die weißen Felder. Anderseits ist
das d6-Feld geschwächt und der d7P ist eine potenzielle Schwäche.} (17... O-O
18. f5 $36) 18. Qf3 (18. Bc3 b4 19. Bd2 Nh6 (19... Qxc2 20. Nd6+ Bxd6 21. Qxd6
$36) 20. c3 bxc3 21. Bxc3 Nf5 22. Qf3 h4 {1/2-1/2 Movsesian,S-Lutz,C/Germany
2001/CBM 82 ext (41)}) 18... f5 $5 {[%mdl 4]} (18... g6) 19. exf6 (19. Nc3 $2
b4 $17 {[%csl Rc2]}) 19... gxf6 20. a3 (20. f5 e5 (20... d5 21. Nc3 d4 (21...
Qd6 22. Bf4 e5 23. Nxd5 Rxc2 24. Nxe7 Qxe7 25. Rc1 $16) 22. Ne4 $14) 21. c3 d5
22. Nf2 Nxf2+ 23. Rxf2 Kf7 $11) 20... f5 $11 {Schwarz hat eine bequeme
Stellung. Sein König steht in der Mitte, aber er kann die Damen tauschen.} 21.
Qc3 (21. Nc3 Qxf3 22. Rxf3 (22. gxf3 $2 Nh6 $17 {[%cal Gh6f7,Gf7d6,Gd6c4]})
22... Bf6 $15 {[%cal Gf6d4]}) 21... Rg8 $1 {[%cal Gc8c2,Gg8g2] Die schwarzen
Türme stehen gut auf den halboffenen Linien.} (21... Qxc3 22. Nxc3 Bf6 $15) 22.
Ng5 Qxc3 23. Bxc3 Rc4 $15 {[%csl Gc4]} (23... Bxg5 24. fxg5 Rxg5 25. h4 Rg8 26.
Rxf5 $132) 24. Re2 Nf6 {[%cal Gf6d5]} (24... Bxg5 25. fxg5 Rxg5 26. h4 Rg8 27.
Rxf5 Rf8 28. Rxf8+ Kxf8 $15 {[%csl Gg4]}) 25. Be5 Ng4 26. Bc3 Nf6 27. Be5 {
Weiß wäre - natürlich . zufrieden mit der Zugwiederholung.} Nd5 28. h4 Bf6 $1 {
Schwarz moechte den aktiven Be5 tauschen.} (28... d6 29. b3 Rc6 30. Bd4 Bxg5
31. hxg5 Kf7 $15) 29. Bxf6 Nxf6 30. g3 Ke7 {[%cal Gg8a8] Nach diesem Zug kann
der passive gewordene g8R am Damenflügel ins Spiel eingreifen.} 31. Rd1 a5 {
[%cal Gb5b4][%mdl 32] Schwarz kann der traditionellen sizilianischen
Minoritätsangriffstrategie folgen - mit zwei Bauern und mit offener Linie
gegen drei Bauern. Früher oder später muss Weiß mit b5-b4 rechnen.} 32. Kg2 Rb8
33. Rd3 b4 34. a4 Rbc8 35. Rdd2 R8c5 {[%csl Rc2,Gc4,Gc5] Es droht noch nichts
Konkretes, aber alle schwarzen Figuren stehen sehr aktiv, weil Weiß kein
Gegenspiel hat.} 36. Kf2 Rc7 37. Ke3 R4c5 38. Kd3 Ng4 39. Re1 Nf6 40. Re5 $2 (
40. Ree2 $15) 40... Nd5 (40... Rxe5 41. fxe5 Ng4 42. Nf3 Rc5 43. Re2 d6 44.
exd6+ Kxd6 $17 {[%cal Ge6e5]}) 41. Kd4 $2 (41. Rde2 $17) 41... Rxc2 $19 {
Schwarz hat einen Bauern mehr und der weiße Damenflügel ist unverteidigt.} 42.
Kd3 b3 43. Nf3 R7c4 {[%csl Ra4][%cal Rc4a4]} 44. Re1 Rxa4 45. Rxc2 Nb4+ 46. Kc3
bxc2 47. Nd2 d5 48. Nf3 d4+ $1 49. Kb3 (49. Kxd4 Na2+ $19) (49. Nxd4 Na2+ 50.
Kb3 Rxd4 51. Kxa2 Rd1 $19) 49... Nd3 50. Rg1 c1=Q 51. Rxc1 Rb4+ 0-1

[Event "Budapest FS03 GM"]
[Site "Budapest"]
[Date "1996.??.??"]
[Round "7"]
[White "Videki, Sandor"]
[Black "Kogan, Artur"]
[Result "0-1"]
[WhiteElo "2460"]
[BlackElo "2485"]
[Annotator "Ribli,Z"]
[PlyCount "80"]
[EventDate "1996.03.??"]
[EventType "tourn"]
[EventRounds "13"]
[EventCountry "HUN"]
[EventCategory "9"]
[SourceTitle "CBM 053"]
[Source "ChessBase"]
[SourceDate "1996.08.01"]
[SourceVersion "1"]
[SourceVersionDate "1996.08.01"]
[SourceQuality "1"]

1. e4 c5 2. Nf3 e6 3. d4 cxd4 4. Nxd4 Nc6 5. Nc3 Qc7 6. g3 a6 7. Bg2 Nf6 8. O-O
Bc5 $5 {Der Nachziehende spielt nach der neuesten Mode.} 9. Nb3 (9. Bf4 $5) (9.
Nxc6 $5) 9... Ba7 10. Bg5 (10. Kh1 d6 11. f4 h5 $132 {DeFirmian,N-Benjamin,J/
Modesto USA-ch/1995/CBM51/INF65,(187)}) 10... b5 $6 {Diese Neuerung sieht sehr
fragwuerdig aus.} (10... Ne5 11. Qe2 d6 12. Kh1 h6 13. Bxf6 gxf6 14. f4 Nc4 15.
f5 Ne3 $13 {Leko,P-Lautier,J/Dortmund/1995/CBM48/INF64,187/}) (10... Nh5) (
10... h5 $5 11. Bxf6 gxf6 12. Qf3 Ke7 $1 13. Rad1 d6 14. h3 Bd7 15. Kh1 Rag8
$36 {Grosar,K-Rusjan,M/Nova Gorica/1996/EXP51/}) 11. Nd5 $5 {[#] Warschenlich
hat Schwarz diesen Zug uebersehen.} (11. a4 $5 bxa4 $14 (11... b4 12. Nd5 $1))
11... Qd8 $8 {Jetzt steht Weiss vor einer schwierigen Entscheidung: 1.Er kann
mit 12.e5 eine Qualitaet gewinnen. 2.Er kann mit der Partiefortsetzung die
schwarze Bauernstruktur am Koenigfluegel schwaechen.} (11... exd5 $2 12. exd5
Ne5 13. d6 Qb8 14. Qe2 $18) 12. Nxf6+ $6 (12. e5 $5 Nxe5 $8 (12... exd5 $2 13.
exf6 gxf6 14. Re1+ $18) 13. Nxf6+ gxf6 14. Bxa8 fxg5 $14) 12... gxf6 13. Bh6
Bb7 14. Qh5 Ne5 $5 {[#] Mit diesem Bauernopfer versucht Kogan , sich aus
seiner passiven Lage zu befreien.} 15. Bg7 Rg8 16. Qxh7 Ke7 $8 17. h3 $6 {
Weiss will Kh1, f4 vorbereiten, aber schwaecht dabei den g3 Punkt.} (17. Kh1 $6
Ng4 {>< f2}) (17. c3 $5 {/\ Nd4}) 17... Qc7 18. c3 (18. Kh1 Qxc2 $132) 18...
Nf3+ $1 19. Kh1 $8 (19. Bxf3 $2 Qxg3+ 20. Bg2 Rxg7 $19) 19... Ng5 20. Qh6 Nxe4
21. Rae1 (21. Bxe4 Bxe4+ 22. Kh2 Bg6 $15) 21... Nxf2+ 22. Kh2 (22. Rxf2 Bxf2
23. Qxf6+ Ke8 24. Qxf2 Rxg7 $17) 22... Rxg7 $1 23. Qxg7 Bxg2 24. Kxg2 Qb7+ 25.
Kh2 Qf3 $44 {Als Endergebnis der Kombinationen hat Schwarz einen Bauern und
sehr starke Initiative fuer die geopferte Qualitaet.} 26. Qh6 (26. Nd4 Bxd4 27.
cxd4 Rc8 28. Qh7 (28. Rc1 Qe2 $1 $19) 28... f5 29. Qh4+ f6 30. Qf4 Qxf4 31.
gxf4 Rc2 $44) (26. Nd2 Qd3 27. Rxf2 Bxf2 28. Ne4 Qf3 $1 (28... Bxe1 $2 29.
Qxf6+ Ke8 30. Qh8+ Ke7 31. Qf6+ $10) 29. Rf1 Qxe4 30. Rxf2 Qg6 31. Qxg6 fxg6
$19) 26... Rg8 27. Qf4 Qxf4 28. gxf4 Nd3 $1 {[#] Schwarz bekommt den zweiten
Bauern fuer die Qualitaet, und wird eindeutig besser stehen.} 29. Rd1 (29. Re2
Bb8 $17 {>< f4}) 29... Nxb2 30. Rd2 Nc4 31. Re2 Ne3 32. Rf3 Nf5 33. Re1 d5 34.
Ra1 Nh4 35. Rg3 Rc8 36. a4 Bb8 $1 37. Rg4 (37. axb5 Bxf4 38. bxa6 Nf5 $19)
37... Ng6 $1 {>< f4} 38. axb5 axb5 39. Ra5 Bxf4+ 40. Kh1 Rxc3 {Ribli} 0-1

[Event "Yongchuan zt 3.3"]
[Site "Yongchuan"]
[Date "2003.07.18"]
[Round "7"]
[White "Yu, Shaoteng"]
[Black "Zhang, Zhong"]
[Result "1/2-1/2"]
[WhiteElo "2508"]
[BlackElo "2658"]
[Annotator "Ribli,Z"]
[PlyCount "102"]
[EventDate "2003.07.11"]
[EventType "tourn"]
[EventRounds "11"]
[EventCountry "CHN"]
[EventCategory "12"]
[SourceTitle "CBM 097"]
[Source "ChessBase"]
[SourceDate "2003.11.11"]
[SourceVersion "1"]
[SourceVersionDate "2003.11.11"]
[SourceQuality "1"]

1. e4 c5 2. Nf3 e6 3. d4 cxd4 4. Nxd4 a6 5. Nc3 Qc7 6. Be2 Nc6 7. O-O b5 {
Dieser Zug führt eine Nebenvariante ein. Die gewöhnliche Fortsetzung ist 7...
Nf6.} (7... Nf6 $5) 8. Nxc6 dxc6 9. a4 Rb8 (9... Bb7 $2 10. axb5 cxb5 $2 11.
Nxb5 $1 axb5 12. Bxb5+ Ke7 13. Rxa8 Bxa8 14. Qd4 $18 {Wang Zili-Mortensen,E/
Copenhagen K41/1995/CBM48/}) (9... b4) 10. f4 Bb7 11. Kh1 {Dieser
prophylaktische Königszug stellt die beste Möglichkeit für Weiß dar.} (11. Be3
Rd8 12. Qe1 b4 13. Nb1 Nf6 14. Nd2 c5 15. f5 exf5 16. Rxf5 Be7 17. Qf2 O-O 18.
Rf1 {1/2-1/2 Bojkovic,N-Cramling,P/Belgrade 1998/CBM 63 ext (23)}) 11... Rd8
12. Qe1 (12. Bd3 c5 {[%cal Gc5c4]} 13. axb5 c4 14. bxa6 Bc6) 12... b4 {Früher
oder später muss Schwarz diesen Zug machen, der mit Tempo kommt. Aber der
Nachteil des Bauernzuges ist, dass Weiß im folgenden mit dem Manöver
Nb1-Nd2-Nc4 das "ewige" Springerfeld c4 erhält.} (12... Be7 13. Be3 b4 14. Nb1
c5 15. Nd2 Nf6 16. Bd3 $14 O-O 17. b3 a5 18. Qg3 {0-1 Braga,F-Karpov,A/Dubai
1986/TD (39)}) 13. Nb1 {[%csl Yc4][%cal Gb1d2,Gd2c4]} c5 14. Nd2 Nf6 15. Bd3
Be7 16. b3 {[%cal Gc1b2,Gb2h8] Weiß bereitet 17,Bb2 vor, wonach der weiße
dunkelfarbige Läufer sehr aktiv auf der großen Diagonale steht.} h5 $1 {
[%mdl 4] Schwarz strebt nach taktischen Gegenchancen und rochiert (noch) nicht.
} (16... O-O 17. Bb2 $14) 17. Bb2 h4 {[%cal Gh4h3,Gb7h1]} 18. Nc4 {[%csl Gc4]
Der "ewige" Nc4 ist der Stolz der weißen Stellung.} h3 19. g3 Ng4 $5 $13 {
[%cal Gf7f5] Schwarz spielt scharf - er bereitet das Bauernopfer 20...f5 vor.}
(19... O-O 20. Qe2 $14) 20. Qe2 (20. Bxg7 Rg8 21. Bb2 f5 22. Kg1 Kf8 $44) 20...
f5 21. Kg1 Nf6 (21... Kf8 $5 22. Rfe1 $13 (22. exf5 $2 Qc6 23. Bxg7+ Kg8 (23...
Kxg7 24. Qxg4+ Kf8 25. Kf2 Qg2+ $13) 24. Qxe6+ Qxe6 25. fxe6 Kxg7 $17)) 22.
exf5 (22. Nd2 c4 $1 23. bxc4 Bc5+ 24. Kh1 fxe4 25. Nxe4 Bd4 $1 $19) 22... Qc6 {
[%csl Rg1][%cal Rb7h1]} 23. Kf2 $8 {Der weiße König muss sich selbst
verteidigen.} exf5 24. Bxf5 Qg2+ (24... Kf8 25. Ne5 Qg2+ 26. Ke1 $16) 25. Ke1
O-O $44 {Schwarz hat aktives Figurenspiel für den Bauern.} 26. Rf2 Qh1+ 27. Qf1
Qxf1+ 28. Kxf1 Ne4 $6 (28... Bg2+ 29. Ke1 Nd5 30. Be6+ Kh7 $44) 29. Be6+ (29.
Bxe4 $1 Bxe4 30. Re2 Bg2+ 31. Kf2 $16 {In dieser Stellung sehe ich keine
ausreichende Kompensation für Schwarz.}) 29... Kh7 30. Re2 g5 {[%cal Gf8f1]}
31. Bxh3 (31. Be5 gxf4 32. gxf4 Ng5 $44) 31... gxf4 32. Rae1 $1 {[%cal Re1e7]}
fxg3+ 33. Kg1 {[%csl Ge1,Ge2] Jetzt hat Weiß keinen Materialvorteil, aber er
steht schon sehr aktiv. Besonders seine Turmbatterie auf der e-Linie ist stark.
} Rf2 {Gut oder schlecht, das ist die einzige Gegenchance für Schwarz.} (33...
gxh2+ $2 34. Rxh2 $18 {[%csl Rh7][%cal Rh2h7]}) 34. Rxe4 Bxe4 35. hxg3 {
[%csl Re4,Re7,Rf2][%cal Re1e7] Nach diesem Zug verliert Schwarz Material.} Rxc2
36. Rxe4 Rd1+ 37. Bf1 Bg5 $14 {Schwarz hat nur einen Turm gegen zwei
Leichtfiguren, was eigentlich kein ausreichender Ersatz ist, aber alle seine
Figuren stehen sehr aktiv.} 38. Re5 Kh6 (38... Bf6 39. Rh5+ Kg6 40. Bxf6 Kxh5 (
40... Rxc4 41. bxc4 Kxh5 42. Kf2 Kg6 43. Be5 $14) 41. Ne3 Rxf1+ 42. Kxf1 Rc1+
43. Ke2 Rb1 44. g4+ Kg6 45. Be7 Rb2+ 46. Ke1 Rxb3 47. Bxc5 $14) 39. Rxc5 Rb1
40. Re5 $6 (40. Rc6+ $1 Kh5 (40... Kh7 41. Rc7+ Kh6 42. Bg7+ Kh5 43. Bd4 Rcc1
44. Rf7 Rxb3 45. Kf2 $18) 41. Bd4 Rcc1 42. g4+ Kxg4 43. Ne5+ Kf5 44. Rxc1 Rxc1
45. Nc4 $16) 40... Rxc4 (40... Rbxb2 41. Nxb2 Rxb2 42. Bc4 $14) 41. Re6+ Kh7
42. bxc4 Rxb2 $11 {[%csl Gb2,Gb4,Gg5][%mdl 4096] Schwarz hat einen Bauern
weniger und einer hängt auf a6, aber wegen seines aktives Figurenspiel steht
er nicht schlechter.} 43. Bd3+ Kh8 44. Rxa6 Rd2 45. Ra8+ (45. Be4 b3 $11) 45...
Kg7 46. Be4 b3 {[%csl Gb3]} 47. Rb8 b2 48. a5 Rd4 {[%cal Rd4c4,Rd4e4]} 49. Bf5
Rxc4 50. Rxb2 Ra4 51. Rb5 Bd2 {Weiß verliert seinen a5-Bauern, wonach die
Stellung elementar Remis ist.} 1/2-1/2